LIBRARY & INFORMATION CENTRE, KCAET, TAVANUR

ONLINE PUBLIC ACCESS CATALOGUE (OPAC)

Essentials of linear programming / (Record no. 7384)

MARC details
000 -LEADER
fixed length control field 00547cam a2200205ua 4500
020 ## - INTERNATIONAL STANDARD BOOK NUMBER
ISBN 0-7069-8404-8
041 ## - LANGUAGE CODE
Language code of text/sound track or separate title eng
082 ## - DEWEY DECIMAL CLASSIFICATION NUMBER
Classification number 519.72
Item number CHA/ES
100 ## - MAIN ENTRY--AUTHOR NAME
Personal name Chandan, Jit S .
245 ## - TITLE STATEMENT
Title Essentials of linear programming /
260 ## - PUBLICATION, DISTRIBUTION, ETC. (IMPRINT)
Place of publication New Delhi :
Name of publisher Vikas publishing house pvt ltd ,
Year of publication 1996.
300 ## - PHYSICAL DESCRIPTION
Number of Pages 283 ; .
700 1# - ADDED ENTRY--PERSONAL NAME
Personal name Kawatra, Mahendra P .
700 1# - ADDED ENTRY--PERSONAL NAME
Personal name Kim, Ki Ho .
942 ## - ADDED ENTRY ELEMENTS (KOHA)
Koha item type Books
Holdings
Withdrawn status Lost status Damaged status Home library Current library Date acquired Full call number Accession Number Koha item type
      KAUAET KAUAET 07/04/2012 519.72 CHA/ES 20118 Books
      KAUAET KAUAET 07/04/2012 519.72 CHA/ES 19737 Books
free website counter